1304 1211 1535 1875 1837 1227 1063 1438 1914 1941 1573 1855 1980 1944 1643 1453 1075 1066 1131 2000 1679 1211 1599 1730 1087 1563 1053 1793 1858 1171 1953 1448 1288 1639 1455 1388 1867 1876 1250 1978 1276 1999 1959 1362 1528 1316 1158 1508 1278 1867 1786 1867 1856 1116 1347 1443 1636 1954 1233 1410 1850 1241 1491 1455 1897 1503 1578 1334 1111 1538 1545 1083 1422 1775 1352 1416 1913 1211 1406 1173 1989 1985 1045 2000 1770 1616 1519 1496 1736 1597 1456 1290 1670 1773 1168 1379 1622 1723 1683 BCNSPRNW ULIB Ver.6.0+V

เปลี่ยนเป็นภาษาไทย

Change to English
 แสดงรายละเอียดบรรณานุกรม
  กลับหน้าหลัก

Brief Record : Get Marc (ISO 2709) : E-mail record : QR code < ปิดหน้าต่าง
LEADER : 00000nam 2200000uu 4500
001    13399107968
003     ULIB
008    110211s2553||||th 000 0 tha d
020    9789740326489
060 04 WA590^bณ249ก 2553
100 0  ณรงค์ศักดิ์ หนูสอน
245 10 การส่งเสริมสุขภาพในชุมชนแนวคิดและการปฏิบัติ /^cณรงค์ศักดิ์หนูสอน
250    พิมพ์ครั้งที่ 1
260    กรุงเทพฯ :^bโรงพิมพ์แห่งจุฬาลงกรณ์มหาวิทยาลัย,^c2553
300    253 หน้า :^bภาพประกอบ ;^c26 ซม.
650  7 การส่งเสริมสุขภาพ
945    ^p185^l0^i029180
945    ^p185^l0^i028523
945    ^p185^l0^i028521
945    ^p185^l0^i028520
945    ^p185^l0^i028519
945    ^p185^l0^i028133
945    ^p185^l0^i028522
945    ^p185^l0^i028132
995    ทศพร
999 ^a ใช้งานได้ทุกระบบ
รายการนี้ยังไม่มีแท็ก
คุณยังไม่ได้ล็อกอิน คุณสามารถมีกิจกรรมร่วมกับเว็บไซต์ได้ แต่ต้องล็อกอินก่อน ::
  ล็อกอิน

รายการสื่อสารสนเทศ

ลำดับที่ ประเภท เลขเรียก/บาร์โค้ด สถานที่ สถานะ
1. วิทยาศาสตร์การแพทย์ และสุขภาพ
หนังสือสำรอง
สถานะ=หนังสือสำรอง
WA590 ณ249ก 2553 ฉ.1 
  Barcode: 028132
ห้องสมุดวิทยาเขตสวรรค์ประชารักษ์
►ส่วนจัดเก็บหนังสือเก่า สปร
บนชั้น
  ขอยืม
2. วิทยาศาสตร์การแพทย์ และสุขภาพ
วิทยาศาสตร์การแพทย์ และสุขภาพ
WA590 ณ249ก 2553 ฉ.2 
  Barcode: 028133
ห้องสมุดวิทยาเขตสวรรค์ประชารักษ์
►ส่วนจัดเก็บหนังสือเก่า สปร
บนชั้น
  ขอยืม
3. วิทยาศาสตร์การแพทย์ และสุขภาพ
วิทยาศาสตร์การแพทย์ และสุขภาพ
WA590 ณ249ก 2553 ฉ.3 
  Barcode: 028519
ห้องสมุดวิทยาเขตสวรรค์ประชารักษ์
►ส่วนจัดเก็บหนังสือเก่า สปร
บนชั้น
  ขอยืม
4. วิทยาศาสตร์การแพทย์ และสุขภาพ
วิทยาศาสตร์การแพทย์ และสุขภาพ
WA590 ณ249ก 2553 ฉ.4 
  Barcode: 028520
ห้องสมุดวิทยาเขตสวรรค์ประชารักษ์
►ส่วนจัดเก็บหนังสือเก่า สปร
บนชั้น
  ขอยืม
5. วิทยาศาสตร์การแพทย์ และสุขภาพ
วิทยาศาสตร์การแพทย์ และสุขภาพ
WA590 ณ249ก 2553 ฉ.5 
  Barcode: 028521
ห้องสมุดวิทยาเขตสวรรค์ประชารักษ์
►ส่วนจัดเก็บหนังสือเก่า สปร
บนชั้น
  ขอยืม
6. วิทยาศาสตร์การแพทย์ และสุขภาพ
วิทยาศาสตร์การแพทย์ และสุขภาพ
WA590 ณ249ก 2553 ฉ.6 
  Barcode: 028522
ห้องสมุดวิทยาเขตสวรรค์ประชารักษ์
►ส่วนจัดเก็บหนังสือเก่า สปร
บนชั้น
  ขอยืม
7. วิทยาศาสตร์การแพทย์ และสุขภาพ
วิทยาศาสตร์การแพทย์ และสุขภาพ
WA590 ณ249ก 2553 ฉ.7 
  Barcode: 028523
ห้องสมุดวิทยาเขตสวรรค์ประชารักษ์
►ส่วนจัดเก็บหนังสือเก่า สปร
บนชั้น
  ขอยืม
8. วิทยาศาสตร์การแพทย์ และสุขภาพ
วิทยาศาสตร์การแพทย์ และสุขภาพ
WA590 ณ249ก 2553 ฉ.8 
  Barcode: 029180
ห้องสมุดวิทยาเขตสวรรค์ประชารักษ์
►ส่วนจัดเก็บหนังสือเก่า สปร
บนชั้น
  ขอยืม

รายการใกล้เคียง
    ผู้แต่ง [ณรงค์ศักดิ์ หนูสอน]

    หัวเรื่อง [การส่งเสริมสุขภาพ]

BibComment


ยังไม่เคยถูกคอมเมนท์

คอมเมนท์ทรัพยากรรายการนี้
  คอมเมนท์: การส่งเสริมสุขภาพ..


 Copyright 2026. Bcnsprnw @Library